<?xml version="1.0" encoding="UTF-8"?>
<record
    xmlns:xsi="http://www.w3.org/2001/XMLSchema-instance"
    xsi:schemaLocation="http://www.loc.gov/MARC21/slim http://www.loc.gov/standards/marcxml/schema/MARC21slim.xsd"
    xmlns="http://www.loc.gov/MARC21/slim">

  <leader>00755nas a22002177a 4500</leader>
  <datafield tag="999" ind1=" " ind2=" ">
    <subfield code="c">1658</subfield>
    <subfield code="d">1658</subfield>
  </datafield>
  <controlfield tag="003">OSt</controlfield>
  <controlfield tag="005">20231121121815.0</controlfield>
  <controlfield tag="008">130130s2009||||||||||||||||||||||||||||d</controlfield>
  <datafield tag="040" ind1=" " ind2=" ">
    <subfield code="a">CDMR</subfield>
    <subfield code="b">cat</subfield>
    <subfield code="c">CDMR</subfield>
  </datafield>
  <datafield tag="110" ind1="2" ind2=" ">
    <subfield code="a">Reporters Sans Fronti&#xE8;res</subfield>
    <subfield code="9">1923</subfield>
  </datafield>
  <datafield tag="245" ind1="0" ind2="0">
    <subfield code="a">Clasificaci&#xF3;n mundial de la libertad de prensa [recurs electr&#xF2;nic]</subfield>
    <subfield code="c">/ Reporteros sin Fronteras</subfield>
  </datafield>
  <datafield tag="246" ind1=" " ind2=" ">
    <subfield code="a">Informe anual de la llibertat de premsa </subfield>
  </datafield>
  <datafield tag="300" ind1=" " ind2=" ">
    <subfield code="a">vol.</subfield>
    <subfield code="b">[mapes ;]</subfield>
    <subfield code="c">30 cm</subfield>
  </datafield>
  <datafield tag="310" ind1=" " ind2=" ">
    <subfield code="a">Anual</subfield>
  </datafield>
  <datafield tag="500" ind1=" " ind2=" ">
    <subfield code="a">Descripci&#xF3; basada en: Informe 2009 </subfield>
  </datafield>
  <datafield tag="610" ind1="2" ind2="0">
    <subfield code="9">1923</subfield>
    <subfield code="a">Reporters Sans Fronti&#xE8;res</subfield>
    <subfield code="x">Informes</subfield>
  </datafield>
  <datafield tag="650" ind1="0" ind2="4">
    <subfield code="9">1574</subfield>
    <subfield code="a">Llibertat d'informaci&#xF3;</subfield>
    <subfield code="x">Revistes</subfield>
  </datafield>
  <datafield tag="650" ind1="0" ind2="0">
    <subfield code="9">2723</subfield>
    <subfield code="a">Censura</subfield>
  </datafield>
  <datafield tag="856" ind1=" " ind2=" ">
    <subfield code="u">https://rsf.org/es/clasificacion</subfield>
    <subfield code="z">Acc&#xE9;s en l&#xED;nia</subfield>
  </datafield>
  <datafield tag="942" ind1=" " ind2=" ">
    <subfield code="c">SER-E</subfield>
    <subfield code="2">udc</subfield>
  </datafield>
  <datafield tag="952" ind1=" " ind2=" ">
    <subfield code="0">0</subfield>
    <subfield code="1">0</subfield>
    <subfield code="4">0</subfield>
    <subfield code="7">0</subfield>
    <subfield code="a">CDMR</subfield>
    <subfield code="b">CDMR</subfield>
    <subfield code="d">2013-01-16</subfield>
    <subfield code="e">Donaci&#xF3;</subfield>
    <subfield code="h">2009 -</subfield>
    <subfield code="l">0</subfield>
    <subfield code="o">Bb</subfield>
    <subfield code="p">Bb190737201301161258</subfield>
    <subfield code="r">2013-01-16</subfield>
    <subfield code="w">2013-01-16</subfield>
    <subfield code="y">SER-E</subfield>
  </datafield>
  <datafield tag="952" ind1=" " ind2=" ">
    <subfield code="0">0</subfield>
    <subfield code="1">0</subfield>
    <subfield code="4">0</subfield>
    <subfield code="7">0</subfield>
    <subfield code="a">CDMR</subfield>
    <subfield code="b">CDMR</subfield>
    <subfield code="d">2019-10-08</subfield>
    <subfield code="e">Donaci&#xF3;</subfield>
    <subfield code="h">1990</subfield>
    <subfield code="l">0</subfield>
    <subfield code="o">Bb</subfield>
    <subfield code="p">CDMR19100001</subfield>
    <subfield code="r">2019-10-08</subfield>
    <subfield code="w">2019-10-08</subfield>
    <subfield code="y">SER</subfield>
  </datafield>
  <datafield tag="952" ind1=" " ind2=" ">
    <subfield code="0">0</subfield>
    <subfield code="1">0</subfield>
    <subfield code="4">0</subfield>
    <subfield code="7">0</subfield>
    <subfield code="a">CDMR</subfield>
    <subfield code="b">CDMR</subfield>
    <subfield code="d">2019-10-08</subfield>
    <subfield code="e">Donaci&#xF3;</subfield>
    <subfield code="h">2005</subfield>
    <subfield code="l">0</subfield>
    <subfield code="o">Bb</subfield>
    <subfield code="p">CDMR19100002</subfield>
    <subfield code="r">2019-10-08</subfield>
    <subfield code="w">2019-10-08</subfield>
    <subfield code="y">SER-E</subfield>
  </datafield>
  <datafield tag="952" ind1=" " ind2=" ">
    <subfield code="0">0</subfield>
    <subfield code="1">0</subfield>
    <subfield code="4">0</subfield>
    <subfield code="7">0</subfield>
    <subfield code="a">CDMR</subfield>
    <subfield code="b">CDMR</subfield>
    <subfield code="d">2019-10-08</subfield>
    <subfield code="e">Donaci&#xF3;</subfield>
    <subfield code="h">2008</subfield>
    <subfield code="l">0</subfield>
    <subfield code="o">Bb</subfield>
    <subfield code="p">CDMR19100003</subfield>
    <subfield code="r">2019-10-08</subfield>
    <subfield code="w">2019-10-08</subfield>
    <subfield code="y">SER-E</subfield>
  </datafield>
  <datafield tag="952" ind1=" " ind2=" ">
    <subfield code="0">0</subfield>
    <subfield code="1">0</subfield>
    <subfield code="4">0</subfield>
    <subfield code="7">0</subfield>
    <subfield code="a">CDMR</subfield>
    <subfield code="b">CDMR</subfield>
    <subfield code="d">2019-10-08</subfield>
    <subfield code="e">Donaci&#xF3;</subfield>
    <subfield code="h">2007</subfield>
    <subfield code="l">0</subfield>
    <subfield code="o">Bb</subfield>
    <subfield code="p">CDMR19100004</subfield>
    <subfield code="r">2019-10-08</subfield>
    <subfield code="w">2019-10-08</subfield>
    <subfield code="y">SER-E</subfield>
  </datafield>
  <datafield tag="952" ind1=" " ind2=" ">
    <subfield code="0">0</subfield>
    <subfield code="1">0</subfield>
    <subfield code="4">0</subfield>
    <subfield code="7">0</subfield>
    <subfield code="a">CDMR</subfield>
    <subfield code="b">CDMR</subfield>
    <subfield code="d">2019-10-08</subfield>
    <subfield code="e">Donaci&#xF3;</subfield>
    <subfield code="h">2004</subfield>
    <subfield code="l">0</subfield>
    <subfield code="o">Bb</subfield>
    <subfield code="p">CDMR19100005</subfield>
    <subfield code="r">2019-10-08</subfield>
    <subfield code="w">2019-10-08</subfield>
    <subfield code="y">SER-E</subfield>
  </datafield>
  <datafield tag="952" ind1=" " ind2=" ">
    <subfield code="0">0</subfield>
    <subfield code="1">0</subfield>
    <subfield code="4">0</subfield>
    <subfield code="7">0</subfield>
    <subfield code="a">CDMR</subfield>
    <subfield code="b">CDMR</subfield>
    <subfield code="d">2019-10-08</subfield>
    <subfield code="e">Donaci&#xF3;</subfield>
    <subfield code="h">1991</subfield>
    <subfield code="l">0</subfield>
    <subfield code="o">Bb</subfield>
    <subfield code="p">CDMR19100006</subfield>
    <subfield code="r">2019-10-08</subfield>
    <subfield code="w">2019-10-08</subfield>
    <subfield code="y">SER</subfield>
  </datafield>
  <datafield tag="952" ind1=" " ind2=" ">
    <subfield code="0">0</subfield>
    <subfield code="1">0</subfield>
    <subfield code="4">0</subfield>
    <subfield code="7">0</subfield>
    <subfield code="a">CDMR</subfield>
    <subfield code="b">CDMR</subfield>
    <subfield code="d">2019-10-08</subfield>
    <subfield code="e">Donaci&#xF3;</subfield>
    <subfield code="h">1992</subfield>
    <subfield code="l">0</subfield>
    <subfield code="o">Bb</subfield>
    <subfield code="p">CDMR19100007</subfield>
    <subfield code="r">2019-10-08</subfield>
    <subfield code="w">2019-10-08</subfield>
    <subfield code="y">SER</subfield>
  </datafield>
  <datafield tag="952" ind1=" " ind2=" ">
    <subfield code="0">0</subfield>
    <subfield code="1">0</subfield>
    <subfield code="4">0</subfield>
    <subfield code="7">0</subfield>
    <subfield code="a">CDMR</subfield>
    <subfield code="b">CDMR</subfield>
    <subfield code="d">2019-10-08</subfield>
    <subfield code="e">Donaci&#xF3;</subfield>
    <subfield code="h">1993</subfield>
    <subfield code="l">0</subfield>
    <subfield code="o">Bb</subfield>
    <subfield code="p">CDMR19100008</subfield>
    <subfield code="r">2019-10-08</subfield>
    <subfield code="w">2019-10-08</subfield>
    <subfield code="y">SER</subfield>
  </datafield>
  <datafield tag="952" ind1=" " ind2=" ">
    <subfield code="0">0</subfield>
    <subfield code="1">0</subfield>
    <subfield code="4">0</subfield>
    <subfield code="7">0</subfield>
    <subfield code="a">CDMR</subfield>
    <subfield code="b">CDMR</subfield>
    <subfield code="d">2019-10-08</subfield>
    <subfield code="e">Donaci&#xF3;</subfield>
    <subfield code="h">1995</subfield>
    <subfield code="l">0</subfield>
    <subfield code="o">Bb</subfield>
    <subfield code="p">CDMR19100009</subfield>
    <subfield code="r">2019-10-08</subfield>
    <subfield code="w">2019-10-08</subfield>
    <subfield code="y">SER</subfield>
  </datafield>
  <datafield tag="952" ind1=" " ind2=" ">
    <subfield code="0">0</subfield>
    <subfield code="1">0</subfield>
    <subfield code="4">0</subfield>
    <subfield code="7">0</subfield>
    <subfield code="a">CDMR</subfield>
    <subfield code="b">CDMR</subfield>
    <subfield code="d">2019-10-08</subfield>
    <subfield code="e">Donaci&#xF3;</subfield>
    <subfield code="h">1996</subfield>
    <subfield code="l">0</subfield>
    <subfield code="o">Bb</subfield>
    <subfield code="p">CDMR19100010</subfield>
    <subfield code="r">2019-10-08</subfield>
    <subfield code="w">2019-10-08</subfield>
    <subfield code="y">SER</subfield>
  </datafield>
  <datafield tag="952" ind1=" " ind2=" ">
    <subfield code="0">0</subfield>
    <subfield code="1">0</subfield>
    <subfield code="4">0</subfield>
    <subfield code="7">0</subfield>
    <subfield code="a">CDMR</subfield>
    <subfield code="b">CDMR</subfield>
    <subfield code="d">2019-10-08</subfield>
    <subfield code="e">Donaci&#xF3;</subfield>
    <subfield code="h">1997</subfield>
    <subfield code="l">0</subfield>
    <subfield code="o">Bb</subfield>
    <subfield code="p">CDMR19100011</subfield>
    <subfield code="r">2019-10-08</subfield>
    <subfield code="w">2019-10-08</subfield>
    <subfield code="y">SER</subfield>
  </datafield>
  <datafield tag="952" ind1=" " ind2=" ">
    <subfield code="0">0</subfield>
    <subfield code="1">0</subfield>
    <subfield code="4">0</subfield>
    <subfield code="7">0</subfield>
    <subfield code="a">CDMR</subfield>
    <subfield code="b">CDMR</subfield>
    <subfield code="d">2019-10-08</subfield>
    <subfield code="e">Donaci&#xF3;</subfield>
    <subfield code="h">2000</subfield>
    <subfield code="l">0</subfield>
    <subfield code="o">Bb</subfield>
    <subfield code="p">CDMR19100012</subfield>
    <subfield code="r">2019-10-08</subfield>
    <subfield code="w">2019-10-08</subfield>
    <subfield code="y">SER</subfield>
  </datafield>
</record>
